Искусство и фольклор народов Западной Сибири: [сборник статей]

Λεπτομέρειες βιβλιογραφικής εγγραφής
Άλλοι συγγραφείς: Лукина Н. В. (редактор)
Γλώσσα:Ρωσικά
Έκδοση: Томск, Изд-во ТГУ, 1984
Θέματα:
Μορφή: MixedMaterials Βιβλίο
KOHA link:https://koha.lib.tpu.ru/cgi-bin/koha/opac-detail.pl?biblionumber=109464

MARC

LEADER 00000nam0a2200000 4500
001 109464
005 20231031120026.0
035 |a (RuTPU)RU\TPU\book\118190 
090 |a 109464 
100 |a 20070208d1984 km y0rusy50 ca 
101 0 |a rus 
102 |a RU 
105 |a a z 001zy 
200 1 |a Искусство и фольклор народов Западной Сибири  |e [сборник статей]  |f под ред. Н. В. Лукиной 
210 |a Томск  |c Изд-во ТГУ  |d 1984 
215 |a 125 с.  |c ил. 
320 |a Литература: с. 119-125. 
320 |a Сокращения: с. 126. 
610 1 |a искусство 
610 1 |a фольклор 
610 1 |a Западная Сибирь 
610 1 |a сборники 
686 |a Т52(25)  |v LBC/SL-A  |2 rubbk 
686 |a Т3(253)  |v LBC/SL-A  |2 rubbk 
702 1 |a Лукина  |b Н. В.  |4 340 
801 1 |a RU  |b 63413507  |c 20070208  |g PSBO 
801 2 |a RU  |b 63413507  |c 20130507  |g PSBO 
942 |c BK